000 00836nam a2200241Ia 4500
003 OSt
005 20220925211953.0
006 a|||||r|||| 00| 0
007 ta
008 220923b |||||||| |||| 00| 0 eng d
037 _cGeneral Book
040 _aRTL
_cRTL
_beng
041 _2eng
_aeng
082 _aY:3217.4653.N8, M2
100 _aLayish Aharon
_9275810
245 0 _aMarriage, divorce and succession in the druze family A Study based on decisions of Druze arbitrators and religious courts in Israel and the Golan Heights
260 _aLeiden
_bE J Brill
_c1982
300 _axxv,474p
_ccm.
490 _aSocial ,Economic and Political Studies of the Middle East.31
500 _aBibliography P 436-445
942 _hY:3217.4653.N8, M2
_cGB
_2CC
999 _c559173
_d559173